| 000 | 00624nam a22001937a 4500 | ||
|---|---|---|---|
| 999 |
_c172724 _d172724 |
||
| 005 | 20200212104706.0 | ||
| 010 | _aA-435664 | ||
| 020 | _c75.00 | ||
| 035 | _aA-435664 | ||
| 037 | _bBPPD/Pub. | ||
| 082 | _a921 | ||
| 100 | _aہرچرن چاولہ | ||
| 245 |
_aالبم: _bافسانے زندگی کے / _cہرچرن چاولہ |
||
| 246 |
_aAlbum: Afsane Zindagi Ke / _bby Harcharan Chawla |
||
| 260 |
_aDelhi _bEducational Publishing House _c1990 ء |
||
| 270 |
_a3108, Gali Azizuddin, Vakil Kucha Pandit, Lal Kuan _bDelhi _e110006 |
||
| 300 |
_a334p. _c22cm(Hb) |
||
| 942 |
_2ddc _cUR _h921 _mچ ا و |
||